Normal view MARC view

Entry Meeting Name

Number of records used in: 1

001 - CONTROL NUMBER

  • control field: 11852

003 - CONTROL NUMBER IDENTIFIER

  • control field: OSt

005 - DATE AND TIME OF LATEST TRANSACTION

  • control field: 20211105133433.0

008 - FIXED-LENGTH DATA ELEMENTS

  • fixed length control field: 211105|| aca||aabn | a|a d

040 ## - CATALOGING SOURCE

  • Original cataloging agency: OSt
  • Transcribing agency: OSt

111 ## - HEADING--MEETING NAME

  • Meeting name or jurisdiction name as entry element: International Astronomical Union Symposium no.93 on Fundamental Problems in the theory of Stellar Evolution
  • Location of meeting:  Kyoto University
  • Date of meeting or treaty signing: 1980 July 22-25

670 ## - SOURCE DATA FOUND

  • Source citation: Work cat.: (OSt): International Astronomical Union Symposium no.93 on Fundamental Problems in the theory of Stellar Evolution  Kyoto University 1980 July 22-25, Fundamental problems in the theory of stellar evolution, 1981

Powered by Koha